Historia urbana de Chillán (1835-1900).
Guardat en:
| Autor principal: | |
|---|---|
| Format: | Llibre |
| Idioma: | espanyol |
| Publicat: |
Chillán, Chile:
Ediciones Instituto Profesional de Chillán,
1985.
|
| Col·lecció: | Estudios de la Región,
|
| Matèries: | |
| Etiquetes: |
Afegir etiqueta
Sense etiquetes, Sigues el primer a etiquetar aquest registre!
|
MARC
| LEADER | 00000cam a2200000 a 4500 | ||
|---|---|---|---|
| 001 | UCC8715 | ||
| 003 | CL-VaPUC | ||
| 005 | 20241022130819.0 | ||
| 008 | 190809e19850000cl |||||||||||||||||spa|d | ||
| 999 | |c 374967 |d 374965 | ||
| 040 | |c Pontificia Universidad Católica de Valparaíso | ||
| 082 | 0 | 4 | |a 983.3422 LEA 1985 |2 21 |
| 100 | |a Leaman De la Hoz, Félix |e autor |9 603429 | ||
| 245 | 1 | 0 | |a Historia urbana de Chillán (1835-1900). |
| 260 | |a Chillán, Chile: |b Ediciones Instituto Profesional de Chillán, |c 1985. | ||
| 300 | |a 142 páginas. | ||
| 490 | 0 | |a Estudios de la Región, |n 56. | |
| 500 | |a c. Fondo Budge. Donación del Profesor Sr. Eduardo Cavieres. 05-08-2019. | ||
| 583 | |a last modification |c 20190809 11:18:00 |k Rodrigo Vera | ||
| 650 | 0 | |a Historia de ciudades |9 445863 |z Chillán |y Siglos 19-20 | |
| 942 | |c BK |2 ddc | ||
| 945 | |d 20190809 11:18:00 |a dcastane | ||
| 952 | |0 0 |1 0 |3 erb |4 0 |6 983_342200000000000_LEA_1985 |7 0 |8 X |9 493753 |a FDOBUD |b FDOBUD |i 5595029 |o 983.3422 LEA 1985 |p 5595029 |r 2019-11-24 |w 2019-11-24 |y BK_X |z Catalogado en:20190809 |k BUD | ||